| 000 -CABECERA |
| Longitud fija campo de control |
00640nam a2200193 a 4500 |
| 001 - NÚMERO DE CONTROL |
| Número de control |
3850 |
| 003 - IDENTIFICADOR DEL NÚMERO DE CONTROL |
| Identificador del número de control |
CDMR |
| 005 - FECHA Y HORA DE LA ÚLTIMA TRANSACCIÓN |
| Fecha y hora de la última transacción |
20131213174201.0 |
| 008 - CÓDIGOS DE INFORMACIÓN DE LONGITUD FIJA |
| Códigos de información de longitud fija |
130130s1999||||sp |||||||||||||||||spa|d |
| 040 ## - FUENTE DE LA CATALOGACIÓN |
| Centro catalogador de origen |
CDMR |
| Lengua de catalogación |
cat |
| Centro transcriptor |
CPC GIRONA |
| 245 #2 - MENCIÓN DE TÍTULO |
| Título |
90 años de la Asociación de la Prensa de Vigo |
| 260 ## - PUBLICACIÓN, DISTRIBUCIÓN, ETC. (PIE DE IMPRENTA) |
| Fecha de publicación, distribución, etc. |
1999 |
| Nombre del editor, distribuidor, etc. |
Asociación de la Prensa de Vigo |
| Lugar de publicación, distribución, etc. |
Vigo |
| 300 ## - DESCRIPCIÓN FÍSICA |
| Extensión |
240 p. |
| 610 2# - PUNTO DE ACCESO ADICIONAL DE MATERIA - NOMBRE DE ENTIDAD CORPORATIVA |
| 9 (RLIN) |
3741 |
| Nombre de entidad corporativa o nombre de jurisdicción como elemento inicial |
Asociación de la Prensa de Vigo |
| Subdivisió,n de materia general |
Història |
| 650 04 - PUNTO DE ACCESO ADICIONAL DE MATERIA - TÉRMINO DE MATERIA |
| 9 (RLIN) |
216 |
| Término de materia o nombre geográfico como elemento inicial |
Associacions de professionals i tècnics |
| Subdivisión geográfica |
Galícia |
| Subdivisión de materia general |
Història |
| 700 1# - PUNTO DE ACCESO ADICIONAL - NOMBRE DE PERSONA |
| 9 (RLIN) |
3740 |
| Nombre de persona |
Rolland Andrade, Joaquín |
| Término indicativo de función |
coord. |
| 710 2# - PUNTO DE ACCESO ADICIONAL - NOMBRE DE ENTIDAD |
| 9 (RLIN) |
3741 |
| Nombre de entidad o nombre de jurisdicción como elemento inicial |
Asociación de la Prensa de Vigo |
| 942 ## - ENTRADA DE ELEMENTOS AGREGADOS (KOHA) |
| Koha [por defecto] tipo de item |
Monografies |
| Fuente de clasificaión o esquema |
|